[Event "Speed Chess Super Swiss KO"]
[Site "chess.com INT"]
[Date "2020.10.04"]
[Round "1.7"]
[White "So, Wesley"]
[Black "Ponkratov, Pavel"]
[Result "1-0"]
[WhiteElo "2770"]
[BlackElo "2631"]
[PlyCount "89"]
[EventDate "2020.10.04"]
[EventType "k.o. (blitz)"]
[EventRounds "4"]
[EventCountry "USA"]
[SourceTitle "EXT 2021"]
[Source "ChessBase"]
[SourceDate "2020.10.23"]
[SourceVersion "1"]
[SourceVersionDate "2020.10.23"]
[SourceQuality "1"]

1. e4 d6 2. d4 Nf6 3. Nc3 e5 4. Nf3 Nbd7 5. Bc4 Be7 6. a4 O-O 7. O-O a6 8. a5
exd4 9. Nxd4 Ne5 10. Bb3 c5 11. Nde2 Nc6 12. Nd5 Nxd5 13. Bxd5 Nxa5 14. Ng3 Nc6
15. Nf5 Bxf5 16. exf5 Bf6 17. c3 Qd7 18. g4 h6 19. f4 Bh4 20. Qf3 Rae8 21. Qh3
Qd8 22. Kh1 Re2 23. Bf3 Rfe8 24. Bxe2 Rxe2 25. g5 hxg5 26. fxg5 Be1 27. Bf4 Qe7
28. Qf3 Bd2 29. f6 Qe6 30. fxg7 Bxf4 31. Qxf4 Ne5 32. Rad1 Qh3 33. Qg3 Qh5 34.
Rxd6 Kxg7 35. Rdf6 Kg8 36. R6f2 Rxf2 37. Qxf2 Qg4 38. Qg2 Qc4 39. Re1 Nd3 40.
Rf1 Ne5 41. Re1 Nd3 42. Re8+ Kg7 43. Qf3 Nf4 44. Re4 Qd5 45. Rxf4 1-0

[Event "Speed Chess Super Swiss KO"]
[Site "chess.com INT"]
[Date "2020.10.04"]
[Round "1.8"]
[White "Ponkratov, Pavel"]
[Black "So, Wesley"]
[Result "1/2-1/2"]
[WhiteElo "2631"]
[BlackElo "2770"]
[PlyCount "65"]
[EventDate "2020.10.04"]
[EventType "k.o. (blitz)"]
[EventRounds "4"]
[EventCountry "USA"]
[SourceTitle "EXT 2021"]
[Source "ChessBase"]
[SourceDate "2020.10.23"]
[SourceVersion "1"]
[SourceVersionDate "2020.10.23"]
[SourceQuality "1"]

1. c4 Nf6 2. Nc3 c5 3. e3 e6 4. Nf3 d5 5. d4 Nc6 6. cxd5 Nxd5 7. Bd3 Be7 8. O-O
O-O 9. Qc2 Nf6 10. a3 cxd4 11. exd4 Nxd4 12. Nxd4 Qxd4 13. Be3 Qh4 14. Ne4 Nd5
15. Bd2 Bd7 16. Nc3 Bc6 17. g3 Qh5 18. Be4 Rad8 19. Rad1 Nxc3 20. bxc3 Bxe4 21.
Qxe4 Rd7 22. g4 Qd5 23. Qxd5 Rxd5 24. Be3 b6 25. Rxd5 exd5 26. Rd1 Rc8 27. Rxd5
Rxc3 28. Rd7 Bxa3 29. Rxa7 b5 30. Rb7 Rc4 31. h3 g6 32. Rxb5 Bc1 33. Rc5
1/2-1/2

[Event "Speed Chess Super Swiss KO"]
[Site "chess.com INT"]
[Date "2020.10.04"]
[Round "1.9"]
[White "So, Wesley"]
[Black "Ponkratov, Pavel"]
[Result "1-0"]
[WhiteElo "2770"]
[BlackElo "2631"]
[PlyCount "65"]
[EventDate "2020.10.04"]
[EventType "k.o. (blitz)"]
[EventRounds "4"]
[EventCountry "USA"]
[SourceTitle "EXT 2021"]
[Source "ChessBase"]
[SourceDate "2020.10.23"]
[SourceVersion "1"]
[SourceVersionDate "2020.10.23"]
[SourceQuality "1"]

1. e4 e6 2. d4 d5 3. Nc3 Bb4 4. e5 c5 5. a3 Bxc3+ 6. bxc3 Qc7 7. Qg4 f6 8. Nf3
c4 9. h4 h5 10. Qg6+ Qf7 11. Qg3 Nc6 12. a4 Bd7 13. Ba3 O-O-O 14. Be2 Nh6 15.
O-O Nf5 16. Qh2 Qg6 17. a5 Qg4 18. Rfe1 Qg6 19. Bc5 Rde8 20. Rab1 Nh6 21. exf6
gxf6 22. a6 b6 23. Bxb6 axb6 24. Rxb6 e5 25. dxe5 Ng4 26. Qg3 fxe5 27. a7 Kc7
28. Reb1 Ra8 29. Nd4 Rxa7 30. Bxg4 Qxg4 31. Rxc6+ Kd8 32. Qxe5 Re8 33. Rb8+ 1-0

[Event "Speed Chess Super Swiss KO"]
[Site "chess.com INT"]
[Date "2020.10.04"]
[Round "2.1"]
[White "So, Wesley"]
[Black "Fedoseev, Vladimir1"]
[Result "1/2-1/2"]
[WhiteElo "2770"]
[BlackElo "2678"]
[PlyCount "124"]
[EventDate "2020.10.04"]
[EventType "k.o. (blitz)"]
[EventRounds "4"]
[EventCountry "USA"]
[SourceTitle "EXT 2021"]
[Source "ChessBase"]
[SourceDate "2020.10.23"]
[SourceVersion "1"]
[SourceVersionDate "2020.10.23"]
[SourceQuality "1"]

1. e4 Nc6 2. d4 d5 3. e5 Bf5 4. c3 e6 5. Nd2 a6 6. f4 h5 7. Ndf3 Nh6 8. Ng5 Bg4
9. Be2 Be7 10. Bxg4 hxg4 11. h3 Qd7 12. hxg4 O-O-O 13. Be3 Bxg5 14. fxg5 Nxg4
15. Rxh8 Nxe3 16. Rxd8+ Qxd8 17. Qd2 Nc4 18. Qf2 Qxg5 19. Nf3 Qf4 20. b3 Ne3
21. g3 Qe4 22. Rc1 Nf5+ 23. Kd2 Qg4 24. Rg1 f6 25. exf6 gxf6 26. Qe2 Nd6 27.
Kc2 Ne4 28. Kb2 Kb8 29. Rg2 Qg7 30. g4 Ne7 31. Nd2 Ng5 32. Nf3 Ne4 33. g5 fxg5
34. Nxg5 Nxg5 35. Qe3 Nf5 36. Qxg5 Qd7 37. Re2 Nd6 38. Qg8+ Ka7 39. Qxe6 Qb5
40. a4 Qd3 41. Qe3 Qd1 42. Rd2 Qf1 43. Qe2 Qh3 44. Qe5 Ne4 45. Rc2 c6 46. a5
Qd3 47. Qc7 Ka8 48. Qd8+ Ka7 49. Qb6+ Ka8 50. Qb4 Qg3 51. Re2 Ka7 52. Rc2 Ka8
53. Qb6 Kb8 54. Qd8+ Ka7 55. Qe7 Qd3 56. Qh4 Qb5 57. Qd8 Qd3 58. b4 Nd2 59.
Qb6+ Ka8 60. Qd8+ Ka7 61. Qb6+ Ka8 62. Qd8+ Ka7 1/2-1/2

[Event "Speed Chess Super Swiss KO"]
[Site "chess.com INT"]
[Date "2020.10.04"]
[Round "2.2"]
[White "Fedoseev, Vladimir1"]
[Black "So, Wesley"]
[Result "1/2-1/2"]
[WhiteElo "2678"]
[BlackElo "2770"]
[PlyCount "89"]
[EventDate "2020.10.04"]
[EventType "k.o. (blitz)"]
[EventRounds "4"]
[EventCountry "USA"]
[SourceTitle "EXT 2021"]
[Source "ChessBase"]
[SourceDate "2020.10.23"]
[SourceVersion "1"]
[SourceVersionDate "2020.10.23"]
[SourceQuality "1"]

1. g3 d5 2. Bg2 e5 3. d3 g6 4. h4 h5 5. Bg5 f6 6. Bd2 Ne7 7. c4 c6 8. Qb3 Na6
9. cxd5 cxd5 10. Nc3 Nc7 11. f4 Be6 12. Qxb7 Rb8 13. Qxa7 Rxb2 14. fxe5 Nf5 15.
Nf3 fxe5 16. Ng5 Bg8 17. Rc1 Be7 18. Nd1 Rxd2 19. Kxd2 Bb4+ 20. Nc3 Kf8 21. a3
Be7 22. Nf3 e4 23. Ne5 Qd6 24. d4 Kg7 25. Bxe4 Nxd4 26. Qxd4 Bf6 27. Bd3 Bxe5
28. Qa7 Bf7 29. Rhf1 Ra8 30. Qb7 Rxa3 31. Rxf7+ Kxf7 32. Nxd5 Ra2+ 33. Kd1 Qd7
34. Qb3 Rb2 35. Rxc7 Bxc7 36. Qxb2 Qxd5 37. Kc2 Bxg3 38. Qb6 Qe6 39. Qxe6+ Kxe6
40. Bxg6 Bxh4 41. Bxh5 Bf6 42. Bf3 Ke5 43. Kd3 Bg5 44. Be4 Bf6 45. Bf3 1/2-1/2

[Event "Speed Chess Super Swiss KO"]
[Site "chess.com INT"]
[Date "2020.10.04"]
[Round "2.3"]
[White "So, Wesley"]
[Black "Fedoseev, Vladimir1"]
[Result "0-1"]
[WhiteElo "2770"]
[BlackElo "2678"]
[PlyCount "86"]
[EventDate "2020.10.04"]
[EventType "k.o. (blitz)"]
[EventRounds "4"]
[EventCountry "USA"]
[SourceTitle "EXT 2021"]
[Source "ChessBase"]
[SourceDate "2020.10.23"]
[SourceVersion "1"]
[SourceVersionDate "2020.10.23"]
[SourceQuality "1"]

1. e4 Nc6 2. d4 d5 3. e5 Bf5 4. c3 e6 5. Nd2 f6 6. f4 a6 7. Ngf3 Nh6 8. Be2 Be7
9. O-O O-O 10. h3 fxe5 11. fxe5 Bg6 12. g4 Nf7 13. Nb3 b6 14. Be3 Ng5 15. Nxg5
Rxf1+ 16. Bxf1 Bxg5 17. Qd2 Bxe3+ 18. Qxe3 Qh4 19. Qf2 Qg5 20. Qd2 Qh4 21. Qe3
Rf8 22. Nd2 Nd8 23. Bxa6 Nf7 24. Rf1 Ra8 25. Bd3 Bxd3 26. Qxd3 Ng5 27. Kg2 Rxa2
28. Rb1 h5 29. Qg3 Qxg3+ 30. Kxg3 hxg4 31. hxg4 Kf7 32. Kf4 Kg6 33. Ke3 Ra8 34.
Rh1 c5 35. dxc5 bxc5 36. b4 Ra3 37. bxc5 Rxc3+ 38. Kd4 Rc2 39. Rd1 Kf7 40. Nb3
Rc4+ 41. Kd3 Ne4 42. Rf1+ Ke7 43. g5 Rc3+ 0-1

[Event "Speed Chess Super Swiss KO"]
[Site "chess.com INT"]
[Date "2020.10.04"]
[Round "2.4"]
[White "Fedoseev, Vladimir1"]
[Black "So, Wesley"]
[Result "1-0"]
[WhiteElo "2678"]
[BlackElo "2770"]
[PlyCount "47"]
[EventDate "2020.10.04"]
[EventType "k.o. (blitz)"]
[EventRounds "4"]
[EventCountry "USA"]
[SourceTitle "EXT 2021"]
[Source "ChessBase"]
[SourceDate "2020.10.23"]
[SourceVersion "1"]
[SourceVersionDate "2020.10.23"]
[SourceQuality "1"]

1. e4 c5 2. Nf3 d6 3. d4 cxd4 4. Nxd4 Nf6 5. Nc3 a6 6. Rg1 e5 7. Nb3 Be6 8. g4
d5 9. exd5 Nxd5 10. Nxd5 Qxd5 11. Qxd5 Bxd5 12. Be3 Nc6 13. O-O-O O-O-O 14. g5
h6 15. Bb6 Rd6 16. Bc5 Rd8 17. Bb6 Rd6 18. Bh3+ Kb8 19. Nc5 Nd4 20. Nd7+ Ka8
21. Rge1 Nf3 22. Re3 Nxg5 23. Nxf8 Rxb6 24. Nd7 1-0

[Event "Speed Chess Super Swiss KO"]
[Site "chess.com INT"]
[Date "2020.10.04"]
[Round "2.5"]
[White "So, Wesley"]
[Black "Fedoseev, Vladimir1"]
[Result "1-0"]
[WhiteElo "2770"]
[BlackElo "2678"]
[PlyCount "67"]
[EventDate "2020.10.04"]
[EventType "k.o. (blitz)"]
[EventRounds "4"]
[EventCountry "USA"]
[SourceTitle "EXT 2021"]
[Source "ChessBase"]
[SourceDate "2020.10.23"]
[SourceVersion "1"]
[SourceVersionDate "2020.10.23"]
[SourceQuality "1"]

1. d4 d5 2. c4 e6 3. Nc3 h6 4. Bf4 Nf6 5. e3 Bd6 6. Bg3 O-O 7. Rc1 c6 8. Nf3
Bxg3 9. hxg3 Nbd7 10. Qc2 Qe7 11. a3 dxc4 12. Bxc4 c5 13. dxc5 Nxc5 14. e4 b6
15. e5 Nd5 16. Bxd5 exd5 17. Nxd5 Qe6 18. Nc7 Qd7 19. Nxa8 Nd3+ 20. Kf1 Nxc1
21. Qxc1 Ba6+ 22. Kg1 Rxa8 23. Kh2 Rc8 24. Rd1 Qa4 25. Qd2 Rc2 26. Qd8+ Kh7 27.
Rd4 Qc6 28. Rf4 Qg6 29. Nh4 Qe6 30. Qf8 Bc4 31. Nf5 Qxe5 32. Rg4 g6 33. Qxh6+
Kg8 34. Re4 1-0

[Event "Speed Chess Super Swiss KO"]
[Site "chess.com INT"]
[Date "2020.10.04"]
[Round "2.6"]
[White "Fedoseev, Vladimir1"]
[Black "So, Wesley"]
[Result "1/2-1/2"]
[WhiteElo "2678"]
[BlackElo "2770"]
[PlyCount "169"]
[EventDate "2020.10.04"]
[EventType "k.o. (blitz)"]
[EventRounds "4"]
[EventCountry "USA"]
[SourceTitle "EXT 2021"]
[Source "ChessBase"]
[SourceDate "2020.10.23"]
[SourceVersion "1"]
[SourceVersionDate "2020.10.23"]
[SourceQuality "1"]

1. e4 c5 2. Nf3 d6 3. Bb5+ Nd7 4. O-O a6 5. Bxd7+ Bxd7 6. d4 cxd4 7. Qxd4 e5 8.
Qd3 Rc8 9. c4 Qc7 10. b3 b5 11. Nfd2 Nf6 12. Nc3 Qb7 13. Bb2 Be7 14. Rac1 O-O
15. Rfd1 Rfd8 16. h3 h6 17. Qe2 Bc6 18. Nd5 Nxd5 19. cxd5 Bd7 20. Nf1 Rxc1 21.
Rxc1 Rc8 22. Rxc8+ Qxc8 23. Ne3 g6 24. Qd3 f5 25. exf5 gxf5 26. g4 Kg7 27. f4
Bf6 28. fxe5 Bxe5 29. Bxe5+ dxe5 30. gxf5 Qc5 31. Kg2 Qd4 32. Qxd4 exd4 33. Nc2
d3 34. Ne3 Kf6 35. Kf3 Ke5 36. d6 Bc6+ 37. Kf2 Kxd6 38. Ng4 h5 39. Nf6 Ke5 40.
Nxh5 Kd4 41. Nf4 Kc3 42. Ke3 d2 43. Ne2+ Kc2 44. Nd4+ Kc3 45. Ne2+ Kc2 46. Nd4+
Kc1 47. Ne2+ Kd1 48. f6 Ke1 49. Nc3 Be8 50. b4 d1=Q 51. Nxd1 Kxd1 52. Kd4 Kc2
53. Kc5 Kc3 54. h4 Bh5 55. Kd6 Kxb4 56. Ke7 Ka3 57. f7 Bxf7 58. Kxf7 Kxa2 59.
h5 b4 60. h6 b3 61. h7 b2 62. h8=Q b1=Q 63. Qh2+ Qb2 64. Qc7 Qb4 65. Qc2+ Ka3
66. Qc1+ Qb2 67. Qc5+ Qb4 68. Qc1+ Ka4 69. Qa1+ Kb5 70. Ke6 a5 71. Qh8 Qc4+ 72.
Kd7 Qc6+ 73. Ke7 Qc7+ 74. Ke6 a4 75. Qb2+ Ka6 76. Qe2+ Ka5 77. Qd2+ Kb5 78.
Qb2+ Ka6 79. Qe2+ Ka7 80. Kd5 a3 81. Qe3+ Kb7 82. Qxa3 Qc6+ 83. Kd4 Qb6+ 84.
Qc5 Qxc5+ 85. Kxc5 1/2-1/2

[Event "Speed Chess Super Swiss KO"]
[Site "chess.com INT"]
[Date "2020.10.04"]
[Round "2.7"]
[White "So, Wesley"]
[Black "Fedoseev, Vladimir1"]
[Result "0-1"]
[WhiteElo "2770"]
[BlackElo "2678"]
[PlyCount "78"]
[EventDate "2020.10.04"]
[EventType "k.o. (blitz)"]
[EventRounds "4"]
[EventCountry "USA"]
[SourceTitle "EXT 2021"]
[Source "ChessBase"]
[SourceDate "2020.10.23"]
[SourceVersion "1"]
[SourceVersionDate "2020.10.23"]
[SourceQuality "1"]

1. d4 Nf6 2. c4 e6 3. Nc3 Bb4 4. Qc2 O-O 5. a3 Bxc3+ 6. Qxc3 Ne4 7. Qc2 f5 8.
Nh3 d6 9. f3 Nf6 10. e3 Nc6 11. Be2 e5 12. dxe5 dxe5 13. Nf2 Be6 14. O-O a5 15.
b3 Qe7 16. Bb2 Nd7 17. Nd3 Rae8 18. Rae1 Bf7 19. Qc3 Nf6 20. Bd1 Bh5 21. b4
axb4 22. axb4 e4 23. Nf4 Nxb4 24. Nxh5 Nxh5 25. fxe4 Nf6 26. exf5 Ne4 27. Qb3
Nd2 28. f6 gxf6 29. Qc3 Nxf1 30. Kxf1 c5 31. Bf3 Rd8 32. Ba1 Rd3 33. Qc1 Ra8
34. e4 Rxf3+ 35. gxf3 Nd3 36. Qd1 Nxe1 37. Qxe1 Qd6 38. Kg2 Ra2+ 39. Kf1 Qxh2
0-1

[Event "Speed Chess Super Swiss KO"]
[Site "chess.com INT"]
[Date "2020.10.04"]
[Round "2.8"]
[White "Fedoseev, Vladimir1"]
[Black "So, Wesley"]
[Result "1/2-1/2"]
[WhiteElo "2678"]
[BlackElo "2770"]
[PlyCount "114"]
[EventDate "2020.10.04"]
[EventType "k.o. (blitz)"]
[EventRounds "4"]
[EventCountry "USA"]
[SourceTitle "EXT 2021"]
[Source "ChessBase"]
[SourceDate "2020.10.23"]
[SourceVersion "1"]
[SourceVersionDate "2020.10.23"]
[SourceQuality "1"]

1. e4 c5 2. Nf3 d6 3. d4 cxd4 4. Nxd4 Nf6 5. Nc3 a6 6. Rg1 e5 7. Nb3 Be6 8. g4
d5 9. exd5 Nxd5 10. Nxd5 Qxd5 11. Qxd5 Bxd5 12. Be3 Nc6 13. O-O-O O-O-O 14. g5
Kc7 15. Nd2 h6 16. Nc4 Bxc4 17. Bxc4 Rxd1+ 18. Rxd1 hxg5 19. Bxf7 Rxh2 20. c3
Be7 21. Be6 Bd6 22. Rg1 Be7 23. Bd5 Bf6 24. Kc2 Ne7 25. Be4 Rh4 26. Kd3 Nc8 27.
Bxg5 Rh3+ 28. Ke2 Nd6 29. Bd5 b5 30. Be3 Rh4 31. Bc5 Nc4 32. b3 Nd6 33. Be3 Ne4
34. Bxe4 Rxe4 35. Rh1 Rg4 36. Kf3 Rg6 37. Ke4 Rg4+ 38. Kd5 Bg5 39. Kxe5 Bxe3
40. fxe3 Rg2 41. Rh7 Kc6 42. e4 Rxa2 43. Rxg7 Ra3 44. Rg6+ Kb7 45. Kd4 Rxb3 46.
e5 Rb1 47. Kc5 Rd1 48. Rg7+ Kc8 49. Kc6 Kd8 50. Ra7 Rd3 51. Rxa6 Rxc3+ 52. Kd6
Rd3+ 53. Kc5 Ke7 54. Kxb5 Rd5+ 55. Kc4 Rxe5 56. Rb6 Re6 57. Rxe6+ Kxe6 1/2-1/2

[Event "Speed Chess Super Swiss KO"]
[Site "chess.com INT"]
[Date "2020.10.04"]
[Round "2.9"]
[White "So, Wesley"]
[Black "Fedoseev, Vladimir1"]
[Result "1-0"]
[WhiteElo "2770"]
[BlackElo "2678"]
[PlyCount "115"]
[EventDate "2020.10.04"]
[EventType "k.o. (blitz)"]
[EventRounds "4"]
[EventCountry "USA"]
[SourceTitle "EXT 2021"]
[Source "ChessBase"]
[SourceDate "2020.10.23"]
[SourceVersion "1"]
[SourceVersionDate "2020.10.23"]
[SourceQuality "1"]

1. d4 d5 2. c4 c6 3. Nc3 Nf6 4. Nf3 a6 5. e3 Bf5 6. Qb3 Ra7 7. Nh4 Bc8 8. Bd2
e6 9. Nf3 b6 10. Rc1 Nbd7 11. Be2 Be7 12. O-O O-O 13. Rfd1 dxc4 14. Qxc4 b5 15.
Qb3 c5 16. Qc2 Rc7 17. Qb1 Bb7 18. a3 Qa8 19. dxc5 Nxc5 20. b4 Ncd7 21. Na2
Rfc8 22. Rxc7 Rxc7 23. Rc1 Rxc1+ 24. Qxc1 Qc8 25. Qxc8+ Bxc8 26. Nc3 Bb7 27.
Nd4 Ne5 28. f3 Bd8 29. e4 Bb6 30. Be3 Nc6 31. Nc2 Bxe3+ 32. Nxe3 Kf8 33. Kf2
Ke7 34. Nc2 Nd7 35. Ke3 Kd6 36. g3 f6 37. a4 bxa4 38. Nxa4 e5 39. Kd2 a5 40. b5
Nd4 41. Na3 f5 42. Nc4+ Kc7 43. b6+ Kb8 44. Nxa5 fxe4 45. fxe4 Bxe4 46. Bg4 Nf6
47. Nc5 Nxg4 48. Nxe4 Nf6 49. Nc5 Ka8 50. b7+ Ka7 51. Kd3 Nb5 52. Nc6+ Kb6 53.
b8=Q+ Kxc5 54. Nxe5 Nd6 55. Qc7+ Kd5 56. Nc4 Nxc4 57. Qxc4+ Ke5 58. Qd4+ 1-0

[Event "Speed Chess Super Swiss KO"]
[Site "chess.com INT"]
[Date "2020.10.04"]
[Round "2.10"]
[White "Fedoseev, Vladimir1"]
[Black "So, Wesley"]
[Result "1-0"]
[WhiteElo "2678"]
[BlackElo "2770"]
[PlyCount "57"]
[EventDate "2020.10.04"]
[EventType "k.o. (blitz)"]
[EventRounds "4"]
[EventCountry "USA"]
[SourceTitle "EXT 2021"]
[Source "ChessBase"]
[SourceDate "2020.10.23"]
[SourceVersion "1"]
[SourceVersionDate "2020.10.23"]
[SourceQuality "1"]

1. e4 c5 2. Nf3 d6 3. d4 cxd4 4. Nxd4 Nf6 5. Nc3 a6 6. Rg1 b5 7. g4 Bb7 8. f3
e6 9. g5 Nfd7 10. h4 b4 11. Nce2 Nc6 12. Nxc6 Bxc6 13. Nd4 Bb7 14. Be3 Be7 15.
Qd2 Qc7 16. O-O-O O-O 17. h5 Ne5 18. g6 Bf6 19. Qxb4 Rab8 20. gxf7+ Qxf7 21.
Qxd6 Rfd8 22. Qxe6 Qxe6 23. Nxe6 Rxd1+ 24. Kxd1 Nxf3 25. Rg3 Bxe4 26. Bg2 Bd5
27. Nf4 Rd8 28. Nxd5 Rxd5+ 29. Kc1 1-0